000 00435cam a22001217a 4500
008 180718b1954 xxu||||| |||| 00| 0 eng d
082 _aU6x54 In7r
245 _aReport of Conference of Industrialists and Symposium on Nationalised Industries
_cby Institute of Management, Bangalore
260 _aBangalore
_bInstitute of Management
_c1954
300 _a53p.
650 _aGovernment enterprise - India
700 _aInstitute of Management
999 _c479996
_d479996